| 000 | 00496nam a2200181Ia 4500 | ||
|---|---|---|---|
| 001 | 16610 | ||
| 005 | 20260306170322.0 | ||
| 008 | 260306t2014||||xx |||||||||||||| ||und|| | ||
| 041 | _aESP | ||
| 082 |
_a348.8 _bM84 |
||
| 100 |
_aMonereo Pérez, Jorge Luis _eAUT |
||
| 245 | 0 |
_aModalidades de extinción del contrato de trabajo: _banálisis de su régimen jurídico |
|
| 260 | _c2014 | ||
| 300 |
_aviii, 514 páginas : _c24 cm. |
||
| 650 | _aGEN | ||
| 654 | _aCDE | ||
| 942 |
_cLIB _dJUS _fJUS _2ddc _n |
||
| 999 |
_c16610 _d16610 |
||